Priame zahraničné investície na Slovensku so zameraním na podniky Velux a Pankl Racing Systems bakalárska práca

Na minha lista:
Detalhes bibliográficos
Autor principal: Jančovič, Peter
Autor Corporativo: Obchodná fakulta EU. Katedra medzinárodného obchodu
Outros Autores: Krajčík, Daniel, 1981-
Formato: Livro
Idioma:eslovaco
Publicado em: Bratislava 2014
Tags: Adicionar Tag
Sem tags, seja o primeiro a adicionar uma tag!

MARC

LEADER 00000nbm a2200000 4500
001 0188437
005 20170201102531.9
041 0 |a slo 
044 |a SK 
245 1 0 |a Priame zahraničné investície na Slovensku so zameraním na podniky Velux a Pankl Racing Systems  |b bakalárska práca  |c Peter Jančovič ; školiteľ: Daniel Krajčík 
264 1 |a Bratislava  |c 2014 
300 |a 52 s. 
100 1 |a Jančovič, Peter 
700 1 |a Krajčík, Daniel, 1981- 
710 2 |a Obchodná fakulta EU. Katedra medzinárodného obchodu